Statistics for 40 People in Science that Everyone Should Know

Click here to take the quiz!

General Stats

  • This quiz has been taken 1,515 times
  • The average score is 21 of 40

Answer Stats

HintAnswer% Correct
Discovered EvolutionCharles Darwin
97%
Established Three Laws of MotionIsaac Newton
97%
Created the Theory of RelativityAlbert Einstein
96%
Created the First TelescopeGalileo Galilei
91%
Conducted Much Research on Radiation with her HusbandMarie Curie
88%
Invented the Household LightbulbThomas Edison
87%
Invented the TelephoneAlexander Graham Bell
83%
Inventors of the AirplaneOrville Wright
79%
Wilbur Wright
79%
Proved that the Earth orbits the SunNicolas Copernicus
75%
Famously discovered how to find the length of the HypotenusePythagoras
72%
Famous for developing new theories of Therapy called PsychoanalysisSigmund Freud
72%
Created AC CurrentNikola Tesla
71%
Invented DynamiteAlfred Nobel
67%
Discovered PenicillinAlexander Fleming
65%
Created an Oath for DoctorsHippocrates
58%
Proved that Black Holes emit RadiationStephen Hawking
57%
Known for his "Cat" Thought ExperimentErwin Schrodinger
55%
Father of GeneticsGregor Mendel
55%
Father of Western PhilosophyAristotle
53%
Ancient Greek "Father of Geometry"Euclid
52%
Most Famous "Father of the Atomic Bomb"Robert Oppenheimer
51%
Famous for discovering the structure of DNAJames Watson
47%
Created the Modern Steam EngineJames Watt
44%
Studied Chimpanzees in TanzaniaJane Goodall
44%
Invented the TelegraphSamuel Morse
41%
Created the first model of the AtomNiels Bohr
40%
Figured out how to find the Volume of a Sphere and Area of a CircleArchimedes
37%
Created the Polio VaccineJonas Salk
37%
Figured out the Principles of the Motion of PlanetsJohannes Kepler
34%
Created the First VaccinesLouis Pasteur
30%
Discovered how Electromagnetism WorksMichael Faraday
28%
Supported the Growth of Peanuts to save Soil FertilityGeorge Washington Carver
20%
Created the Theory of Electromagnetic RadiationJames Maxwell
18%
Famously wrote "Silent Spring" saving many bird speciesRachel Carson
18%
Father of the Scientific MethodFrancis Bacon
17%
Pioneered Quantum MechanicsWerner Heisenberg
17%
Came up with modern Atom TheoryJohn Dalton
12%
Came up with Continental DriftAlfred Wegener
9%
Founder of Cell TheoryRobert Hooke
6%

Score Distribution

Percentile by Number Answered

Percent of People with Each Score

Your Score History

You have not taken this quiz